Personajes de La que se avecina - 3 - Estadísticas

Estadísticas generales
  • Esta prueba ha sido intentada 615 veces
  • La puntuación promedio es 14 de 16
Estadísticas de respuestas
Imagen Respuesta % Correcto
Fermín Trujillo
99%
Paca Pacheco, «Estela Reynolds»
99%
La Chusa
98%
Rosario Parrales
95%
Alba Recio
94%
Josefina «Fina» Palomares
94%
Teodoro Rivas
93%
Raluka Petrescu
90%
Yolanda «Yoli» Morcillo
89%
Bruno Quiroga
87%
Rebeca Ortiz
84%
Maria del Carmen «Menchu» Carrascosa
83%
Ongombo
83%
Agustín Gordillo
80%
Justiniana «Justi» Latorre
75%
Reyes Ballesteros
75%
No se encontraron pruebas coincidentes
Distribución de puntuación
Porcentaje de gente con cada puntuación
Porcentaje por número respondido
Historial de tus puntuaciones
No has intentado esta prueba.